000 00721nam a22002297a 4500
003 IBSLLIB
005 20260513050713.0
008 260513b |||||||| |||| 00| 0 eng d
020 _a9780071829137
040 _aIBSLLIB
_beng
041 _hEnglish
082 _a358.4
_bPYL
100 _aPyle , Rod
245 _aInnovation The NASA Way :
_bHarnessing The Power Of Your Organization For Breakthrough Success
260 _aNew York :
_bMC Graw Hill Education ,
_c2014
300 _a278 P ;
_c24 CM
653 _aUnited States
653 _aNational Aeronautics and Space Administration- History
653 _aTechnological Innovations - Case Studies
653 _aCreative Thinking - Case Studies
942 _cLBK
999 _c22114
_d22114